000 00396nam a2200157Ia 4500
008 230917s9999||||xx |||||||||||||| ||und||
040 _e81750
_aMAIN
041 _aEnglish
082 _a372.13 H769H
100 _aHoover, Kenneth H
245 0 _aHandbook for elementary school teachers
250 _a2nd ed.
260 _aBoston
_bAllyn and Bacon
_c1978
300 _axiv, 257 p.
942 _cBK
999 _c36678
_d36678